Midwest States Quiz - Statistics

General Stats
  • This quiz has been taken 63 times
  • The average score is 9 of 10
Answers on the Map
Answers color-coded by a green-red scale on the quiz's map according to % correct below.
 
Answer Stats
State % Correct
Michigan
96%
Ohio
96%
Illinois
94%
Wisconsin
94%
Iowa
91%
Minnesota
91%
Kansas
89%
Missouri
87%
Nebraska
87%
Indiana
85%
No matching quizzes found
Score Distribution
Percent of People with Each Score
Percentile by Number Answered
Your Score History
You have not taken this quiz